00309nam a2200109Ia 4500008004100000082001600041100001800057245007300075260002700148300000800175650001600183191201s2009 xx 000 0 und d a005.26bBRI aBREY, Barry B 4aThe Intel Microprocessors Architecture, Programming, and Interfacing aN.DelhibPearsonc2009 a926 aB.Tech(ECE)